000 00536nam a2200229Ia 4500
008 210210b1967 xxu||||| |||| 00| 0 eng d
041 _aeng
082 _a384/2
100 _aARUNACHALAM (B)
245 _aElements of economic and commercial geography Ed 3
250 _a
260 _aBombay
_bSheth Publishers Pvt Ltd.,
_c1967
300 _aiv,459
650 _ageography
650 _aElements
650 _aEd
650 _aeconomic
650 _acommercial
650 _a3
690 _aGeography
906 _a005398
999 _c125337
_d125337